| 000 | 00451nam a2200181Ia 4500 | ||
|---|---|---|---|
| 005 | 20250425161337.0 | ||
| 008 | 250425s9999 xx 000 0 und d | ||
| 041 | _aeng | ||
| 082 | _aIBM4381 | ||
| 110 | _aBCIRA | ||
| 245 | 0 | _aMANUAL ON REFRACTORIES FOR CORELESS INDUCTION FURNACES IN IRONFOUNDRIES | |
| 250 | _aS.E. | ||
| 260 | _aS.L. | ||
| 260 |
_aSin Pais _bS.E. _c1979 |
||
| 500 | _aCLASIFICACION: 669.82 | ||
| 942 | _c01 | ||
| 010 | _a18205 | ||
| 999 |
_c207354 _d207354 |
||